000 00498nam a2200181Ia 4500
008 230917s9999||||xx |||||||||||||| ||und||
020 _cRS750
040 _e228855
_aMAIN
041 _aEnglish
082 _a658.3 L976H(8)
100 _aLussier, Robert
245 0 _aHuman relation in organizations
250 _a8th ed.
260 _aNew Delhi
_bMcGraw Hill Education
_c2010
300 _axxi, 642 p.
500 _a2164 12/10/2015 HBD15/1040 19/11/2015 IMSAR (Dev. & Research)
942 _cBK
999 _c16468
_d16468